<?xml version="1.0" encoding="UTF-8"?>
<record
    xmlns:xsi="http://www.w3.org/2001/XMLSchema-instance"
    xsi:schemaLocation="http://www.loc.gov/MARC21/slim http://www.loc.gov/standards/marcxml/schema/MARC21slim.xsd"
    xmlns="http://www.loc.gov/MARC21/slim">

  <leader>00613nam a2200229Ia 4500</leader>
  <controlfield tag="003">3228</controlfield>
  <controlfield tag="005">20220825123046.0</controlfield>
  <controlfield tag="008">210817s9999    xx            000 0 und d</controlfield>
  <datafield tag="020" ind1=" " ind2=" ">
    <subfield code="a">9781770084285</subfield>
    <subfield code="q">Hardcover</subfield>
  </datafield>
  <datafield tag="040" ind1=" " ind2=" ">
    <subfield code="c">3228</subfield>
  </datafield>
  <datafield tag="082" ind1=" " ind2=" ">
    <subfield code="a">J 372.8320968 BARN</subfield>
  </datafield>
  <datafield tag="100" ind1=" " ind2=" ">
    <subfield code="a"> Barnes, Lynn</subfield>
    <subfield code="9">90008</subfield>
  </datafield>
  <datafield tag="245" ind1=" " ind2="0">
    <subfield code="a">Die landswapen </subfield>
  </datafield>
  <datafield tag="250" ind1=" " ind2=" ">
    <subfield code="a">Eerste uitgawe</subfield>
  </datafield>
  <datafield tag="260" ind1=" " ind2=" ">
    <subfield code="a">Gallo manor</subfield>
    <subfield code="b">Awareness publishing</subfield>
    <subfield code="c">2011</subfield>
  </datafield>
  <datafield tag="300" ind1=" " ind2=" ">
    <subfield code="a">32 pages</subfield>
    <subfield code="c">20.5 cm</subfield>
  </datafield>
  <datafield tag="490" ind1=" " ind2=" ">
    <subfield code="3">Die landswapen</subfield>
    <subfield code="a">Ons land, Suid-Afrika</subfield>
    <subfield code="x">9781770084254</subfield>
  </datafield>
  <datafield tag="500" ind1=" " ind2=" ">
    <subfield code="a">Illustrasie</subfield>
  </datafield>
  <datafield tag="521" ind1=" " ind2=" ">
    <subfield code="a">Junior</subfield>
  </datafield>
  <datafield tag="546" ind1=" " ind2=" ">
    <subfield code="a">Afrikaans</subfield>
  </datafield>
  <datafield tag="942" ind1=" " ind2=" ">
    <subfield code="c">BK</subfield>
    <subfield code="2">ddc</subfield>
    <subfield code="y">162</subfield>
    <subfield code="z">Elsie Maluleke</subfield>
  </datafield>
  <datafield tag="999" ind1=" " ind2=" ">
    <subfield code="c">143313</subfield>
    <subfield code="d">143312</subfield>
  </datafield>
  <datafield tag="952" ind1=" " ind2=" ">
    <subfield code="0">0</subfield>
    <subfield code="1">0</subfield>
    <subfield code="4">0</subfield>
    <subfield code="7">0</subfield>
    <subfield code="a">EMAKL</subfield>
    <subfield code="b">EMAKL</subfield>
    <subfield code="d">2021-08-17</subfield>
    <subfield code="g">121.00</subfield>
    <subfield code="l">0</subfield>
    <subfield code="p">33228019922192</subfield>
    <subfield code="r">2021-08-17</subfield>
    <subfield code="w">2021-08-17</subfield>
    <subfield code="y">BK</subfield>
  </datafield>
  <datafield tag="952" ind1=" " ind2=" ">
    <subfield code="0">0</subfield>
    <subfield code="1">0</subfield>
    <subfield code="2">ddc</subfield>
    <subfield code="4">0</subfield>
    <subfield code="7">0</subfield>
    <subfield code="a">LYDEL</subfield>
    <subfield code="b">HLHLL</subfield>
    <subfield code="c">Non_Fiction</subfield>
    <subfield code="d">2022-08-25</subfield>
    <subfield code="o">J 372.8320968 BARN</subfield>
    <subfield code="p">33228031107216</subfield>
    <subfield code="r">2022-08-25</subfield>
    <subfield code="w">2022-08-25</subfield>
    <subfield code="y">BK</subfield>
  </datafield>
  <datafield tag="952" ind1=" " ind2=" ">
    <subfield code="0">0</subfield>
    <subfield code="1">0</subfield>
    <subfield code="2">ddc</subfield>
    <subfield code="4">0</subfield>
    <subfield code="7">0</subfield>
    <subfield code="a">LYDEL</subfield>
    <subfield code="b">SABIL</subfield>
    <subfield code="c">Non_Fiction</subfield>
    <subfield code="d">2022-08-25</subfield>
    <subfield code="o">J 372.8320968 BARN</subfield>
    <subfield code="p">3322810029363</subfield>
    <subfield code="r">2022-08-25</subfield>
    <subfield code="w">2022-08-25</subfield>
    <subfield code="y">BK</subfield>
  </datafield>
  <datafield tag="952" ind1=" " ind2=" ">
    <subfield code="0">0</subfield>
    <subfield code="1">0</subfield>
    <subfield code="2">ddc</subfield>
    <subfield code="4">0</subfield>
    <subfield code="7">0</subfield>
    <subfield code="a">LYDEL</subfield>
    <subfield code="b">MAFEL</subfield>
    <subfield code="c">Non_Fiction</subfield>
    <subfield code="d">2022-08-25</subfield>
    <subfield code="o">J 372.8320968 BARN</subfield>
    <subfield code="p">33228031107222</subfield>
    <subfield code="r">2022-08-25</subfield>
    <subfield code="w">2022-08-25</subfield>
    <subfield code="y">BK</subfield>
  </datafield>
  <datafield tag="952" ind1=" " ind2=" ">
    <subfield code="0">0</subfield>
    <subfield code="1">0</subfield>
    <subfield code="2">ddc</subfield>
    <subfield code="4">0</subfield>
    <subfield code="7">0</subfield>
    <subfield code="a">LYDEL</subfield>
    <subfield code="b">MASHL</subfield>
    <subfield code="d">2023-10-25</subfield>
    <subfield code="l">0</subfield>
    <subfield code="o">J 372.8320968 BARN</subfield>
    <subfield code="p">33228031105807</subfield>
    <subfield code="r">2023-10-25</subfield>
    <subfield code="w">2023-10-25</subfield>
    <subfield code="y">BK</subfield>
  </datafield>
  <datafield tag="952" ind1=" " ind2=" ">
    <subfield code="0">0</subfield>
    <subfield code="1">0</subfield>
    <subfield code="2">ddc</subfield>
    <subfield code="4">0</subfield>
    <subfield code="7">0</subfield>
    <subfield code="a">LYDEL</subfield>
    <subfield code="b">HLHLL</subfield>
    <subfield code="d">2024-04-09</subfield>
    <subfield code="l">0</subfield>
    <subfield code="o">J 372.8320968 BARN</subfield>
    <subfield code="p">33228017970144</subfield>
    <subfield code="r">2024-04-09</subfield>
    <subfield code="w">2024-04-09</subfield>
    <subfield code="y">BK</subfield>
  </datafield>
  <datafield tag="952" ind1=" " ind2=" ">
    <subfield code="0">0</subfield>
    <subfield code="1">0</subfield>
    <subfield code="2">ddc</subfield>
    <subfield code="4">0</subfield>
    <subfield code="7">0</subfield>
    <subfield code="a">LYDEL</subfield>
    <subfield code="b">LYDBL</subfield>
    <subfield code="c">Non_Fiction</subfield>
    <subfield code="d">2024-06-26</subfield>
    <subfield code="l">0</subfield>
    <subfield code="o">J 372.8320968 BARN</subfield>
    <subfield code="p">33228010178356</subfield>
    <subfield code="r">2024-06-26</subfield>
    <subfield code="w">2024-06-26</subfield>
    <subfield code="y">BK</subfield>
  </datafield>
  <datafield tag="952" ind1=" " ind2=" ">
    <subfield code="0">0</subfield>
    <subfield code="1">0</subfield>
    <subfield code="2">ddc</subfield>
    <subfield code="4">0</subfield>
    <subfield code="7">0</subfield>
    <subfield code="a">LYDEL</subfield>
    <subfield code="b">GRASL</subfield>
    <subfield code="c">Non_Fiction</subfield>
    <subfield code="d">2024-08-05</subfield>
    <subfield code="l">0</subfield>
    <subfield code="o">J 372.8320968 BARN</subfield>
    <subfield code="p">3322803184234</subfield>
    <subfield code="r">2024-08-05</subfield>
    <subfield code="w">2024-08-05</subfield>
    <subfield code="y">BK</subfield>
  </datafield>
  <datafield tag="952" ind1=" " ind2=" ">
    <subfield code="0">0</subfield>
    <subfield code="1">0</subfield>
    <subfield code="2">ddc</subfield>
    <subfield code="4">0</subfield>
    <subfield code="7">0</subfield>
    <subfield code="8">300</subfield>
    <subfield code="a">AMERL</subfield>
    <subfield code="b">AMERL</subfield>
    <subfield code="d">2025-12-09</subfield>
    <subfield code="i">9781770084285</subfield>
    <subfield code="l">0</subfield>
    <subfield code="o">J 372.8320968 BARN</subfield>
    <subfield code="p">3322830159179</subfield>
    <subfield code="r">2025-12-09</subfield>
    <subfield code="w">2025-12-09</subfield>
    <subfield code="y">BOOK</subfield>
  </datafield>
</record>
